An essay concerning human understanding
Saved in:
| Hovedforfatter: | |
|---|---|
| Format: | Bog |
| Sprog: | engelsk |
| Udgivet: |
Londres
Thomas Tegg
1828
|
| Fag: | |
| Tags: |
Tilføj Tag
Ingen Tags, Vær først til at tagge denne postø!
|
MARC
| LEADER | 00000nam a2200000 a 4500 | ||
|---|---|---|---|
| 001 | UCU0044 | ||
| 003 | CL-VaPUC | ||
| 008 | 960315e18280000UK |||||||||||||||||eng|d | ||
| 082 | 0 | 4 | |a 121 |b LOC |2 21 |
| 100 | |a Locke, John |e autor |9 258383 | ||
| 245 | 1 | 3 | |a An essay concerning human understanding |
| 300 | |a v | ||
| 942 | |c BK | ||
| 945 | |d 19960315 00:00:00 |a cmena | ||
| 260 | |a Londres |b Thomas Tegg |c 1828 | ||
| 650 | 0 | |a Teoría del conocimiento |9 255038 | |
| 650 | 0 | |a Empirismo |9 255037 | |
| 650 | 0 | |a Naturaleza humana |9 308593 | |
| 650 | 0 | |a Filosofía inglesa |9 255676 | |
| 583 | |a last modification |c 19960315 00:00:00 |k Rodrigo Vera | ||
| 999 | |c 244994 |d 244992 | ||
| 952 | |0 0 |1 0 |4 0 |6 121_000000000000000_LOC_1828 |7 0 |8 P |9 259318 |a BIBEDU |b BIBEDU |c BIBEDU_PB |d 2019-11-19 |h v.1 |i 1632507 |o 121 LOC 1828 |p 1632507 |r 2024-01-25 |w 2019-11-19 |y BK |k FIL | ||
| 952 | |0 0 |1 0 |4 0 |6 121_000000000000000_LOC_1828 |7 0 |8 P |9 259319 |a BIBEDU |b BIBEDU |c BIBEDU_PB |d 2019-11-19 |h v.2 |i 1632515 |o 121 LOC 1828 |p 1632515 |r 2024-01-25 |w 2019-11-19 |y BK |k FIL | ||
| 952 | |0 0 |1 0 |4 0 |6 121_000000000000000_LOC_1828 |7 0 |8 P |9 259320 |a BIBEDU |b BIBEDU |c BIBEDU_PB |d 2019-11-19 |h v.3 |i 1632523 |o 121 LOC 1828 |p 1632523 |r 2024-01-25 |w 2019-11-19 |y BK |k FIL | ||